Toaletní divadlo /

Hlavní autor: Dolejšková, Lenka
Další autoři: Dolejšek, Jindřich
Jazyk: Čeština
Vydáno: [Praha] : Jindřich Dolejšek, [2016]
Témata:
Fyzický popis: 24 stran : ilustrace (některé barevné) ; 30 cm + 24 listů vystřihovánek a skládaček
Knihy
Uloženo v:
LEADER 02109nam a2200589 i 4500
001 nkc20162812198
003 CZ PrNK
005 20161108141151.0
007 ta
008 160711s2016 xr a b f 000 0 cze
015 |a cnb002812198 
020 |a 978-80-906317-2-4  |q (brožováno) 
035 |a (OCoLC)960190241 
040 |a BOA001  |b cze  |e rda 
072 7 |a 74  |x Kresba. Umělecká řemesla  |2 Konspekt  |9 21 
072 7 |a 0/9-053.2  |x Literatura pro děti a mládež (naučná)  |2 Konspekt  |9 26 
080 |a 745.54  |2 MRF 
080 |a 688.72  |2 MRF 
080 |a 82.09-34-052  |2 MRF 
080 |a (0.029)  |2 MRF 
080 |a (0.053.2)  |2 MRF 
100 1 |a Dolejšková, Lenka  |7 xx0142822  |4 aut 
245 1 0 |a Toaletní divadlo /  |c Lenka a Jindřich Dolejškovi 
246 1 |i Nad názvem:  |a Panák - papírový nápadník 
264 1 |a [Praha] :  |b Jindřich Dolejšek,  |c [2016] 
300 |a 24 stran :  |b ilustrace (některé barevné) ;  |c 30 cm +  |e 24 listů vystřihovánek a skládaček 
336 |a text  |b txt  |2 rdacontent 
336 |a statický obraz  |b sti  |2 rdacontent 
337 |a bez média  |b n  |2 rdamedia 
338 |a svazek  |b nc  |2 rdacarrier 
500 |a Název z obálky 
500 |a Příloha všita na konci publikace 
500 |a Tištěno napříč 
521 8 |a Vhodné pro děti od 5 let 
650 0 7 |a výtvarné práce z papíru  |7 ph135229  |2 czenas 
650 0 7 |a figurky  |7 ph129162  |2 czenas 
650 0 7 |a pohádkové postavy  |7 ph249609  |2 czenas 
650 0 9 |a paper work  |2 eczenas 
650 0 9 |a small figures  |2 eczenas 
650 0 9 |a fairy tale characters  |2 eczenas 
655 7 |a vystřihovánky  |7 fd133827  |2 czenas 
655 7 |a skládanky  |7 fd133438  |2 czenas 
655 7 |a publikace pro děti  |7 fd133156  |2 czenas 
655 9 |a picture sheets  |2 eczenas 
655 9 |a puzzles  |2 eczenas 
655 9 |a children's literature  |2 eczenas 
700 1 |a Dolejšek, Jindřich  |7 xx0142823  |4 aut  |4 pbl 
910 2 |a BOA001  |b 4-1372.574 
990 |a BK 
995 |a 01 
991 |b 201609  |c NOV 
996 6 |b 2610680153  |c 4-1372.574  |l MZK  |r Sklad / do 1 hodiny  |n 0  |p p.v.  |w 001575916  |u 000010  |a 1  |e BOA001  |j MZK50  |s P